Match animal to country - Statistics

General Stats
  • This quiz has been taken 24 times
  • The average score is 6 of 9
Answer Stats
Question Answer % Correct
Kangaroo Australia
100%
Tigers India
100%
Zebra Kenya
100%
Dogs USA
100%
Goats China
50%
Snow Leopard China
50%
Sheep China
50%
Cows India
50%
Penguins New Zealand
0%
No matching quizzes found
Score Distribution
Percent of People with Each Score
Percentile by Number Answered
Your Score History
You have not taken this quiz